Les plus grands combattants des armées françaises. - Statistiques

Statistiques générales
  • Ce quiz a été pris 529 fois
    398 depuis la dernière actualisation
  • Le résultat moyen est 6 sur 18
Statistiques - réponses
Dates Principal conflit ou batailles Arme Chefs de guerre % Correct
688-741 Poitiers Terre Charles Martel
73%
1412-1431 Guerre de Cent Ans Terre Jeanne d'Arc
73%
1856-1951 Première Guerre Mondiale Terre Philippe Pétain
72%
1769-1821 Guerres napoleoniennes Terre Napoleon Ier
70%
1902-1947 Seconde Guerre mondiale Terre Philippe Leclerc
57%
?-814 Roncevaux Terre Charlemagne
46%
1889-1952 Seconde Guerre mondialeGuerre d'Indochine Terre Jean de Lattre de Tassigny
38%
1320-1380 Guerre de Cent Ans Terre Du Guesclin
33%
1476-1524 Marignan Terre Bayard
32%
1621-1686 Guerre de Trente Ans Terre Condé
21%
1611-1675 Guerre de Trente Ans Terre Turenne
18%
1894-1917 Première Guerre Mondiale Air Georges Guynemer
17%
1849-1916 Première Guerre Mondiale Terre Joseph Gallieni
15%
1722-1788 Guerre d'indépendance américaine Mer De Grasse
10%
1894-1953 Première Guerre Mondiale Air René Fonck
10%
1729-1788 Guerre d'indépendance américaine Mer De Suffren
9%
1892-1927 Première Guerre Mondiale Air Charles Nungesser
4%
1610-1688 Guerre de Hollande Mer Duquesne
4%
Aucun quiz correspondant
Distribution des résultats
% des personnes avec chaque résultat
Percentile par nombre de réponses
Votre historique - résultats
Vous n’avez pas pris ce quiz depuis la dernière actualisation